|
|
|
|
| LEADER |
01189nam a22002657a 4500 |
| 001 |
AAL1633 |
| 003 |
BD-DhAAL |
| 005 |
20151229185039.0 |
| 008 |
151229s 1996us a|||| |||| 00| 0 eng d |
| 020 |
|
|
|a 0070517584
|
| 040 |
|
|
|a BD-DhAAL
|c BD-DhAAL
|
| 082 |
|
|
|a 650.14
|
| 100 |
|
|
|a Dlabay, Les R.
|9 17027
|
| 245 |
|
|
|a Career, communication, and critical thinking :
|b a student guide /
|c Les R. Dlabay and William J. Hisker
|
| 260 |
|
|
|a New York :
|b McGraw-Hill,
|c c1996.
|
| 300 |
|
|
|a vii, 124 p. :
|b ill. ;
|c 26 cm.
|
| 541 |
|
|
|e 1633
|
| 650 |
|
|
|a Business
|x Vocational guidance
|y Handbooks, manuals, etc.
|z United States
|9 17028
|
| 650 |
|
|
|a Critical thinking
|x Study and teaching.
|9 17029
|
| 650 |
|
|
|a Business communication.
|9 17030
|
| 700 |
|
|
|a Hisker, William J.
|9 17031
|
| 942 |
|
|
|2 ddc
|c BK
|
| 999 |
|
|
|c 36463
|d 36463
|
| 952 |
|
|
|0 0
|1 0
|2 ddc
|4 0
|6 650_140000000000000_DLA
|7 0
|9 57411
|a SCL
|b SCL
|c GEN
|d 2015-12-29
|e Gift: The Asia Foundation
|l 1
|m 7
|o 650.14 DLA
|p 3020001633
|r 2018-12-07
|s 2018-09-24
|t 1
|w 2015-12-29
|y BK
|
| 952 |
|
|
|0 0
|1 0
|2 ddc
|4 0
|6 650_140000000000000_DLA
|7 0
|9 58926
|a SCL
|b SCL
|c GEN
|d 2016-05-05
|e Gift: The Asia Foundation
|l 0
|o 650.14 DLA
|p 3020003937
|r 2016-05-05
|t 2
|w 2016-05-05
|y BK
|